Normal view
MARC view
- Islamic and Pak Studies
Entry Topical Term
001 - CONTROL NUMBER
- control field: 109241
003 - CONTROL NUMBER IDENTIFIER
- control field: NUST
005 - DATE AND TIME OF LATEST TRANSACTION
- control field: 20230220102347.0
008 - FIXED-LENGTH DATA ELEMENTS
- fixed length control field: 230220|| aca||aabn | a|a d
040 ## - CATALOGING SOURCE
- Original cataloging agency: NUST
- Transcribing agency: NUST
150 ## - HEADING--TOPICAL TERM
- Topical term or geographic name entry element: Islamic and Pak Studies
670 ## - SOURCE DATA FOUND
- Source citation: Work cat.: (NUST)183945: Chaudhry, Yasin Khan Malik 109240, Ilmi Islamyiat vo Pak -Studies /
